Produkty z największym wzrostem cen w Polsce - Statystyki

Ogólne statystyki
  • Ten quiz został rozwiązany 16 razy
  • Średni wynik to 3 z 10
Statystyki odpowiedzi
Procent Produkty % Poprawnych
3,4% Mięso
82%
8,2% Owoce
55%
16,6% Warzywa
55%
5,6% Ryby
27%
8,4% Słodycze
18%
3,2% Wędliny
18%
10,3% Chemia
9%
7,7% Napoje Bezalkoholowe
9%
8,8% Tłuszcze
9%
5,6% Używki
9%
Nie znaleziono quizów pasujących do podanych kryteriów
Rozkład punktacji
Procent ludzi z każdym wynikiem
Percentyl według liczby udzielonych odpowiedzi
Twoja historia wyników
Nie rozwiązałeś tego quizu